An Introduction to the Grasses Including Bamboos and Cereals (Record no. 599487)

MARC details
000 -LEADER
fixed length control field 00483nam a2200145Ia 4500
008 - FIXED-LENGTH DATA ELEMENTS--GENERAL INFORMATION
fixed length control field 100415s9999 xx 000 0 und d
082 ## - DEWEY DECIMAL CLASSIFICATION NUMBER
Item number 16589
Classification number 632.2
100 ## - MAIN ENTRY--PERSONAL NAME
Personal name Chapman GP
245 ## - TITLE STATEMENT
Title An Introduction to the Grasses Including Bamboos and Cereals
260 ## - PUBLICATION, DISTRIBUTION, ETC. (IMPRINT)
Place of publication, distribution, etc OXON
Date of publication, distribution, etc 1992
Name of publisher, distributor, etc CAB INTERNATIONAL
365 ## - TRADE PRICE
Price amount 0
630 ## - SUBJECT ADDED ENTRY--UNIFORM TITLE
Uniform title An Introduction to the Grasses Including Bamboos and Cereals
730 ## - ADDED ENTRY--UNIFORM TITLE
Uniform title An Introduction to the Grasses Including Bamboos and Cereals
942 ## - ADDED ENTRY ELEMENTS (KOHA)
Koha item type Book
Holdings
Withdrawn status Lost status Damaged status Not for loan Home library Current library Date acquired Cost, normal purchase price Total Checkouts Full call number Barcode Date last seen Price effective from Koha item type
        Bombay Natural History Society Bombay Natural History Society 04/25/1998 0.00   632.2 16589 BNHS-16589 04/15/2010 04/15/2010 Book